| 000 | 00521nam a2200205Ia 4500 | ||
|---|---|---|---|
| 005 | 20250923144343.0 | ||
| 008 | 008 250917s9999 xx 000 0 eng d | ||
| 037 | _aTextual | ||
| 040 |
_aDSWL _beng _cDSWL |
||
| 041 |
_aeng _2eng |
||
| 084 |
_aT, J0 _qDSWL |
||
| 100 |
_aDudley, S.F _9824010 |
||
| 245 | 0 |
_aFour pillars of wisdom _cby S.F Dudley |
|
| 260 |
_aLondon _c1950 |
||
| 300 | _a246 p. | ||
| 365 |
_aINR _b8.6 |
||
| 925 | _g8.6 | ||
| 942 |
_cTEXL _hT, J0 |
||
| 999 |
_c1437814 _d1437814 |
||